=LDR 00000nam 2200000 4500 =001 INLIS000000000050063 =005 20200618115713 =035 ##$$a 0010-041700000000253 =008 200618################g##########0#ind## =082 ##$$a 2x1 =100 1#$$a Sarton, George =245 1#$$a Barat timur dan islam /$c Dr. George Sarton =260 ##$$a Surabaya :$b IAIN Sunan Ampel,$c 1976 =300 ##$$a 69 Hlm ; $c 14 x 21 cm =084 ##$$a 2x1 SAR b =250 ##$$a cet.1 =650 #4$$a Perkembangan Islam =990 ##$$a 00092137